Study on sustainable harvesting of woodlot in samky meanchey district kompong chhnang province, សិក្សាពីការប្រមូលផលឈើចំការធម្មជាតិជាលក្ខណៈគ្រួសារដើម្បីឲ្យមាននិរន្ដភាពនៅស្រុកសាមគ្គីមានជ័យ ខេត្តកំពង់ឆ្នាំង (Record no. 3420)

000 -LEADER
fixed length control field 00766nam a22001337a 4500
040 ## - CATALOGING SOURCE
Transcribing agency RUA
082 ## - DEWEY DECIMAL CLASSIFICATION NUMBER
Classification number FOR NEA 2011 B140 Or.1
100 ## - MAIN ENTRY--AUTHOR NAME
Personal name NEAB, KENG.
245 ## - TITLE STATEMENT
Title Study on sustainable harvesting of woodlot in samky meanchey district kompong chhnang province, សិក្សាពីការប្រមូលផលឈើចំការធម្មជាតិជាលក្ខណៈគ្រួសារដើម្បីឲ្យមាននិរន្ដភាពនៅស្រុកសាមគ្គីមានជ័យ ខេត្តកំពង់ឆ្នាំង
260 ## - PUBLICATION, DISTRIBUTION, ETC. (IMPRINT)
Place of publication Phnom Penh
Name of publisher RUA
Year of publication 2011
300 ## - PHYSICAL DESCRIPTION
Number of Pages x; 50p.
Other physical details ill.
Dimensions 29cm.
856 ## - ELECTRONIC LOCATION AND ACCESS
Uniform Resource Identifier https://drive.google.com/file/d/1EmsQa6HsRQGc00A86fBSCs6QSUnnk6tS/view?usp=sharing
942 ## - ADDED ENTRY ELEMENTS (KOHA)
Koha item type FOR
952 ## - LOCATION AND ITEM INFORMATION (KOHA)
Withdrawn status [LOCAL, KOHA] 0
952 ## - LOCATION AND ITEM INFORMATION (KOHA)
Withdrawn status [LOCAL, KOHA] 0
952 ## - LOCATION AND ITEM INFORMATION (KOHA)
Withdrawn status [LOCAL, KOHA] 0
952 ## - LOCATION AND ITEM INFORMATION (KOHA)
Withdrawn status [LOCAL, KOHA] 0
952 ## - LOCATION AND ITEM INFORMATION (KOHA)
Withdrawn status [LOCAL, KOHA] 0
952 ## - LOCATION AND ITEM INFORMATION (KOHA)
Withdrawn status [LOCAL, KOHA] 0
952 ## - LOCATION AND ITEM INFORMATION (KOHA)
Withdrawn status [LOCAL, KOHA] 0
952 ## - LOCATION AND ITEM INFORMATION (KOHA)
Withdrawn status [LOCAL, KOHA] 0
Holdings
Permanent Location Date acquired Koha item type Lost status Shelving location Barcode Current Location Full call number
Library Block B2015-11-14FOR B140RUA027953Library Block BFOR NEA 2011 B140 Or.1
Library Block B2015-11-14FOR B140RUA027810Library Block BFOR NEA 2011 B140 Or.2
Library Block B2015-11-14FOR B140RUA027989Library Block BFOR NEA 2011 B140 Or.3
Library Block B2015-11-14FOR B140RUA026629Library Block BFOR NEA 2011 B140 Or.4
Library Block B2015-11-14FOR B140RUA026647Library Block BFOR NEA 2011 B140 Or.5
Library Block B2015-11-14FOR B140RUA026566Library Block BFOR NEA 2011 B140 Or.6
Library Block B2015-11-14FOR B140RUA043217Library Block BFOR NEA 2011 B140 Or.7
Library Block B2015-11-14FOR B140RUA012513Library Block BFOR NEA 2011 B140 Or.8
មជ្ឈមណ្ឌលឯការនៃសាកលវិទ្យាល័យភូមិន្ទកសិកម្មចំការដូង

Powered by Koha